Statistics for Top 50 Female Harry Potter Characters

Click here to take the quiz!

General Stats

  • This quiz has been taken 1,836 times
  • The average score is 28 of 50

Answer Stats

HintAnswer% Correct
1Hermione Granger
99%
2Ginny Weasley
97%
3Minerva McGonagall
93%
4Molly Weasley
92%
12Cho Chang
89%
6Luna Lovegood
89%
11Bellatrix Lestrange
86%
20Lily Potter
83%
17Lavender Brown
78%
19Parvati Patil
77%
5Dolores Umbridge
75%
9Fleur Delacour
75%
25Narcissa Malfoy
75%
49Padma Patil
75%
7Petunia Dursley
75%
22Katie Bell
73%
10Nymphadora Tonks
71%
29Pansy Parkinson
71%
18Angelina Johnson
69%
24Pomona Sprout
66%
8Sybill Trelawney
62%
16Poppy Pomfrey
60%
31Alicia Spinnet
58%
47Hannah Abbott
58%
13Hedwig
49%
27Marge Dursley
47%
21Moaning Myrtle
47%
23Olympe Maxime
47%
14Rita Skeeter
45%
35Rolanda Hooch
45%
45Rowena Ravenclaw
45%
26Bathilda Bagshot
44%
15Winky
42%
34Arabella Figg
40%
41Amelia Bones
38%
38Marietta Edgecombe
37%
36Ariana Dumbledore
36%
28The Fat Lady
36%
42Merope Gaunt
33%
30Mrs. Norris
32%
50Kendra Dumbledore
31%
37Madam Rosmerta
31%
44Nagini
31%
40Norbert
31%
39Bertha Jorkins
30%
32Wilhelmina Grubbly-Plank
30%
43Mary Cattermole
29%
48Madam Malkin
28%
33Aunt Muriel
27%
46Hepzibah Smith
27%

Score Distribution

Percentile by Number Answered

Percent of People with Each Score

Your Score History

You have not taken this quiz